00481nam a2200145 a 450000100100000000500170001000800410002704000250006808200130009324500970010626000580020330000280026170000250028970000210031400002381520200930022503.0110113s1983 gw a 001 0 spa d aDO-SdBNPbspacBNPHU ann*bnn*00aRicardo Wagner :bvida y obra en fechas e imágenes /cEdición Dietrich Mack y Egon Voss. aGermany :bSaarbrücker Druckerei und Verlag,c1983. a127 p. :bil. ;c17 cm.1 aMack, Dietrich,eed.1 aVoss, Egon,eed.